00630nam a2200181 i 4500001000700000003000900007005001700016008004100033080001100074100003200085245010500117260006200222300002100284502003700305650003000342710005300372852002300425189986ES-MaACL20230906223617.0200303s1969 sp |||| | spa d a341.241 aCasanovas y La Rosa, Oriol.14aLas formas simplificadas de conclusión de acuerdos internacionales /cpor Oriol Casanovas La Rosa. aBarcelona : b[Universidad, Facultad de Derecho], c1969. a18 p. ; c24 cm. aTesis-Univ. Barcelona (Extracto) 4aTratados internacionales.2 aUniversidad de Barcelona. bFacultad de Derecho.4 aES-MaACLjP-1414-6